000 00269nam a2200109Ia 4500
008 190216s9999||||xx |||||||||||||| ||und||
100 _aKrishnan Nair P
245 0 _aMalayalam-Kavya Jeevithavritha
260 _bUniversity Of Madras
650 _aMalayalam
942 _cBK
999 _c25017
_d25017